000 00209nam a2200109Ia 4500
100 _a#N/A
942 _cBK
654 _auml
245 _aMastering UML with Rational Rose
260 _b#N/A
546 _aENGLISH
999 _c29343
_d29343